000
00263nam a22001097a 4500
008
160523b xxu||||| |||| 00| 0 eng d
020
_a
0721617662
041
_a
eng
080
_a
615
245
_a
Pharmacology for nursing care:
_c
Richard A. Lehne;
942
_2
udc
_c
BK
999
_c
2404
_d
2404